000 01713cam a2200433 4500
003 PE-LiUPU
005 20250731173412.0
020 _a8460702456
035 _a(Sirsi) i9788460702450
035 _a(Sirsi) 46514
035 _a(Sirsi) 46514
041 _aes
044 _aes
082 0 4 _a284.0467
_bC
110 _aConsel Evangélic de Catyalunya
245 0 4 _aLos evangélicos en la iglesia del siglo XXI:
_bcongreso protestante de Catalunya /
_cConsell Evangélic de Catalunya.
264 1 _aBarcelona :
_bConsell Evangèlic de Catalunya, Departamento de Publicaciones : Clie,
_c2000
300 _a467 páginas ;
_c20 cm.
505 0 _aMetodología de trabajo del Congreso -- Reconocimientos -- Discurso inaugurales -- Ponencias -- Inquietudes eclesiológicas -- Reflexiones teológicas -- Renovación cultica y litúrgica -- El sacerdocio universal de los creyentes y discipulad
526 _aSEG42
526 _aSEG41
526 _aSEG40
526 _aSEG39
526 _aP94
526 _aP87
526 _aP86
526 _aP85
526 _aP77
526 _aP76
526 _aP35
650 1 4 _aIglesias protestantes
_zCataluña
_vCongresos
942 _2ddc
_cBOOK
949 _a284.0467 C
_i64078
_lCCODEBUL1
_mBUL
_tLIBRO
_o.STAFF. Colección General
859 _q64078
_h284.0467
_iC
910 _agl
_bjv
_cng
_d20111128
596 _a1
999 _a284.0467 C
_wDEWEY
_c52918
_i64078
_d52918
_e2019-8-26
_f2021-11-11
_g5
_lCCODEBUL1
_mBUL
_n1
_p15.00
_q2
_r0
_sY
_tBOOK
_u2015-7-6
_xTEOLOGIA
_PP35
_0COMPRA
_o.STAFF. Colección General
980 _81
_gALBERTO SANCHEZ Responsable de Automatización